[Event "Ostravský koník 2014 - FIDE Open veteránù"]
[Site "Ostrava, CZE"]
[Date "2014.05.03"]
[Round "8"]
[White "Pirhala, Ladislav"]
[Black "Krivohlavek, Josef"]
[Result "0-1"]
[WhiteElo "1481"]
[BlackElo "1500"]
[PlyCount "58"]

1. e4 e6 2. d4 d5 3. Nc3 Bb4 4. Qg4 Nf6 5. Qxg7 Rg8 6. Qh6 dxe4 7. Be3 Rg6 8.
Qh4 b6 9. f3 exf3 10. O-O-O Bxc3 11. bxc3 Bb7 12. Nxf3 Nbd7 13. Bg5 Bxf3 14.
gxf3 Qe7 15. Kb1 O-O-O 16. Bd3 Rgg8 17. Be4 h6 18. Bxf6 Qxf6 19. Qe1 Qe7 20.
Qe2 Nf6 21. Qa6+ Kd7 22. d5 Nxe4 23. fxe4 Qc5 24. Rhf1 Ke7 25. Qd3 Rgf8 26. Qf3
f5 27. e5 Rxd5 28. Rxd5 Qxd5 29. Qg3 Qb5+ 0-1

[Event "Ostravský koník 2014 - FIDE Open veteránù"]
[Site "Ostrava, CZE"]
[Date "2014.05.03"]
[Round "8"]
[White "Fiser, Otakar"]
[Black "Hruska, Stanislav"]
[Result "1-0"]
[WhiteElo "1610"]
[BlackElo "1491"]
[PlyCount "97"]

1. c4 g6 2. Nc3 Bg7 3. Nf3 d6 4. d4 c6 5. Bf4 Nf6 6. e4 O-O 7. Be2 Nbd7 8. O-O
Nh5 9. Be3 Nhf6 10. Rc1 b6 11. b4 Bb7 12. Re1 Rc8 13. e5 Ng4 14. exd6 Nxe3 15.
fxe3 exd6 16. e4 Bh6 17. Rc2 Qf6 18. d5 c5 19. b5 Ne5 20. Rf1 Qg7 21. Nxe5 Qxe5
22. Bg4 Rc7 23. Qe2 Re7 24. Kh1 Bf4 25. g3 Bh6 26. Qf3 Bc8 27. Bxc8 Rxc8 28.
Qf6 Bg7 29. Qxe5 Bxe5 30. Re1 Rf8 31. Ne2 f5 32. exf5 Rxf5 33. Nf4 Ref7 34. Ne6
h6 35. Kg2 Kh7 36. Nd8 R7f6 37. Nc6 h5 38. Rce2 Bc3 39. Re7+ Kh6 40. R1e2 h4
41. R7e6 h3+ 42. Kxh3 Rh5+ 43. Kg2 Rff5 44. Rxd6 Rf7 45. Rde6 Rhf5 46. Ne7 Rg5
47. d6 Rf8 48. Nc6 Bd4 49. d7 1-0

[Event "Ostravský koník 2014 - FIDE Open veteránù"]
[Site "Ostrava, CZE"]
[Date "2014.05.03"]
[Round "8"]
[White "Bystron, Vladislav"]
[Black "Zdrazila, Jaromir"]
[Result "0-1"]
[WhiteElo "1751"]
[BlackElo "1547"]
[PlyCount "63"]

1. e4 e5 2. Bc4 Nf6 3. d3 d5 4. exd5 Nxd5 5. Bb3 Be6 6. h3 Bd6 7. Nf3 h6 8. Bd2
Qf6 9. Nc3 Nxc3 10. Bxc3 Bxb3 11. axb3 Nc6 12. O-O O-O 13. Ra4 a6 14. Re1 Rfe8
15. Rg4 g6 16. Qd2 Bf8 17. Rge4 Bg7 18. d4 Rad8 19. Qe3 Qd6 20. dxe5 Qe6 21.
Nd4 Nxd4 22. Bxd4 Rd5 23. c4 Rdd8 24. Qg3 Rxd4 25. Rxd4 Bxe5 26. Rxe5 Qxe5 27.
Qxe5 Rxe5 28. Rd7 Rc5 29. Rd5 Rxd5 30. cxd5 Kg7 31. f4 Kf6 32. Kf2 0-1

[Event "Ostravský koník 2014 - FIDE Open veteránù"]
[Site "Ostrava, CZE"]
[Date "2014.05.04"]
[Round "9"]
[White "Macura, Emil"]
[Black "Ludvícek, Josef"]
[Result "1/2-1/2"]
[WhiteElo "1997"]
[BlackElo "1867"]
[PlyCount "46"]

1. d4 d5 2. Nf3 c6 3. e3 Bf5 4. Bd3 Bxd3 5. Qxd3 e6 6. O-O Nf6 7. Nbd2 Nbd7 8.
c4 dxc4 9. Qxc4 Nb6 10. Qc2 Rc8 11. Nc4 Nxc4 12. Qxc4 Qd5 13. b3 Qxc4 14. bxc4
c5 15. Bb2 b6 16. Rac1 Be7 17. a4 cxd4 18. exd4 Bb4 19. Ne5 O-O 20. Nd3 Ba5 21.
f3 Rfd8 22. Kf2 Nd7 23. Ke2 f6 1/2-1/2

[Event "Ostravský koník 2014 - FIDE Open veteránù"]
[Site "Ostrava, CZE"]
[Date "2014.05.04"]
[Round "9"]
[White "Krouzel, Jaroslav"]
[Black "Korínek, Jaroslav"]
[Result "1-0"]
[WhiteElo "2135"]
[BlackElo "1810"]
[PlyCount "71"]

1. d4 Nf6 2. c4 c6 3. Nc3 d5 4. Nf3 Bg4 5. Ne5 Be6 6. cxd5 Nxd5 7. e4 Nb6 8. f4
g6 9. Be2 N8d7 10. Nf3 Bg7 11. b3 Bg4 12. O-O Qc7 13. a4 Rd8 14. a5 Nc8 15. e5
O-O 16. Ng5 Bxe2 17. Qxe2 h6 18. Nge4 f5 19. Nd2 b5 20. Nf3 e6 21. Ba3 Rf7 22.
Rfc1 a6 23. Qf2 Ne7 24. Bxe7 Rxe7 25. d5 Qb7 26. dxe6 Nf8 27. Qb6 Nxe6 28. Ne2
Red7 29. Qxb7 Rxb7 30. Rxc6 Nc7 31. Rac1 Rd7 32. Rxg6 Nd5 33. Rxa6 Ne3 34. Ra8+
Kh7 35. a6 Rb6 36. Ned4 1-0

[Event "Ostravský koník 2014 - FIDE Open veteránù"]
[Site "Ostrava, CZE"]
[Date "2014.05.04"]
[Round "9"]
[White "Bríza, Jirí"]
[Black "Pokora, Lubomír"]
[Result "1-0"]
[WhiteElo "1910"]
[BlackElo "1892"]
[PlyCount "63"]

1. e4 e5 2. Nf3 Nf6 3. Nc3 Nc6 4. Bb5 Nd4 5. Ba4 c6 6. d3 b5 7. Bb3 Nxb3 8.
axb3 d6 9. O-O Bg4 10. Be3 a6 11. h3 Bh5 12. Ne2 Bxf3 13. gxf3 Nh5 14. Qd2 Be7
15. f4 Nxf4 16. Nxf4 exf4 17. Bxf4 Bf6 18. Ra2 g5 19. Bg3 h5 20. f4 g4 21. e5
Be7 22. Qc3 h4 23. Qxc6+ Kf8 24. exd6 Bxd6 25. Be1 gxh3 26. Rxa6 Rxa6 27. Qxa6
Rg8+ 28. Kh1 Rg4 29. Qc6 Bxf4 30. Rxf4 Rg1+ 31. Kh2 Rxe1 32. Qh6+ 1-0

[Event "Ostravský koník 2014 - FIDE Open veteránù"]
[Site "Ostrava, CZE"]
[Date "2014.05.04"]
[Round "9"]
[White "Lexa, Václav"]
[Black "Tejkal, Jirí"]
[Result "1/2-1/2"]
[WhiteElo "1895"]
[BlackElo "1942"]
[PlyCount "21"]

1. d4 d5 2. c4 c6 3. Nc3 Nf6 4. Nf3 a6 5. cxd5 cxd5 6. Bf4 Nc6 7. e3 e6 8. Rc1
Be7 9. Bd3 O-O 10. O-O Bd7 11. Ne5 1/2-1/2

[Event "Ostravský koník 2014 - FIDE Open veteránù"]
[Site "Ostrava, CZE"]
[Date "2014.05.04"]
[Round "9"]
[White "Folta, Frantisek"]
[Black "Vinklárek, Vlastimil"]
[Result "1/2-1/2"]
[WhiteElo "1812"]
[BlackElo "1762"]
[PlyCount "53"]

1. c4 c6 2. Nc3 e6 3. Nf3 d5 4. e3 Nf6 5. Be2 Be7 6. O-O O-O 7. b3 Nbd7 8. d4
b6 9. Ne5 Bb7 10. Bb2 Rc8 11. Bd3 c5 12. cxd5 Nxd5 13. Nxd5 exd5 14. Nxd7 Qxd7
15. dxc5 bxc5 16. Rc1 Qe6 17. Qh5 g6 18. Qe5 Qxe5 19. Bxe5 f6 20. Bb2 Bd6 21.
Rfd1 Be5 22. Ba3 Bd6 23. Be4 Rfd8 24. Bf3 Kf7 25. g3 Ke6 26. Kf1 f5 27. h4
1/2-1/2

[Event "Ostravský koník 2014 - FIDE Open veteránù"]
[Site "Ostrava, CZE"]
[Date "2014.05.04"]
[Round "9"]
[White "Zlebcík, Ladislav"]
[Black "Plesník, Miroslav"]
[Result "1/2-1/2"]
[WhiteElo "1889"]
[BlackElo "1877"]
[PlyCount "62"]

1. e4 e6 2. d4 d5 3. Nd2 b6 4. e5 Ne7 5. c3 c5 6. Ndf3 Nf5 7. Bd3 Be7 8. Ne2
O-O 9. O-O Ba6 10. Bc2 cxd4 11. Nfxd4 Qc7 12. Nxf5 exf5 13. Re1 g6 14. Bh6 Bxe2
15. Qxe2 Re8 16. Qf3 Bf8 17. Bxf8 Kxf8 18. Qxd5 Na6 19. Rad1 Rad8 20. Qb5 Nc5
21. Rxd8 Rxd8 22. Qe2 Re8 23. f4 Ne6 24. g3 Qc5+ 25. Qe3 Qb5 26. b3 Rc8 27. c4
Qa5 28. Bb1 Rd8 29. Kf2 Nc5 30. Re2 Rd1 31. Bc2 Rd8 1/2-1/2

[Event "Ostravský koník 2014 - FIDE Open veteránù"]
[Site "Ostrava, CZE"]
[Date "2014.05.04"]
[Round "9"]
[White "Perík, Alois"]
[Black "Jamka, Bretislav"]
[Result "1/2-1/2"]
[WhiteElo "1838"]
[BlackElo "2059"]
[PlyCount "21"]

1. c4 Nf6 2. Nc3 e6 3. e4 d5 4. cxd5 exd5 5. e5 d4 6. exf6 dxc3 7. Bb5+ c6 8.
Qe2+ Be7 9. Bc4 cxd2+ 10. Bxd2 gxf6 11. Nf3 1/2-1/2

[Event "Ostravský koník 2014 - FIDE Open veteránù"]
[Site "Ostrava, CZE"]
[Date "2014.05.04"]
[Round "9"]
[White "Bíza, Miroslav"]
[Black "Spála, Jirí"]
[Result "1-0"]
[WhiteElo "1928"]
[BlackElo "1000"]
[PlyCount "119"]

1. d4 Nf6 2. c4 e6 3. Nc3 d5 4. Bg5 Be7 5. e3 c6 6. Nf3 Nbd7 7. Qc2 h6 8. Bh4
b6 9. Bd3 Bb7 10. cxd5 exd5 11. O-O O-O 12. Rfd1 Re8 13. Rac1 Ne4 14. Nxe4 dxe4
15. Bxe4 Bxh4 16. Bxc6 Bxf2+ 17. Qxf2 Bxc6 18. Rxc6 Rc8 19. Rdc1 Rxc6 20. Rxc6
Nb8 21. Rc3 Qd5 22. a4 Na6 23. Qc2 Nb4 24. Qb3 a5 25. Kf2 g5 26. Qxd5 Nxd5 27.
Rb3 Re6 28. Ne5 Kg7 29. g3 f6 30. Nf3 Rc6 31. Ne1 f5 32. Rb5 Rd6 33. Nd3 f4 34.
gxf4 gxf4 35. e4 Nc7 36. Re5 Rxd4 37. Nxf4 Kf7 38. Rf5+ Ke8 39. Ke3 Rxa4 40.
Rf6 Rb4 41. Nd3 Rb3 42. Rxh6 Na6 43. Kd2 Nb4 44. Nxb4 Rxb4 45. Kc3 Rxe4 46.
Rxb6 Rh4 47. Rb5 Rxh2 48. Rxa5 Kd8 49. Rc5 Rh1 50. Kc4 Rh2 51. b3 Rh4+ 52. Kb5
Rh6 53. b4 Rg6 54. Rc6 Rg5+ 55. Kb6 Rg7 56. b5 Rh7 57. Rg6 Rf7 58. Rg8+ Kd7 59.
Rb8 Rf6+ 60. Kb7 1-0

[Event "Ostravský koník 2014 - FIDE Open veteránù"]
[Site "Ostrava, CZE"]
[Date "2014.05.04"]
[Round "9"]
[White "Mícka, Jaroslav"]
[Black "Doskar, Miloslav"]
[Result "1-0"]
[WhiteElo "1837"]
[BlackElo "1703"]
[PlyCount "79"]

1. e4 e5 2. Nc3 Nf6 3. Nf3 Nc6 4. Bb5 d6 5. d4 exd4 6. Nxd4 Bd7 7. Be3 a6 8.
Bxc6 bxc6 9. f3 g6 10. Qd2 Bg7 11. Bh6 O-O 12. Bxg7 Kxg7 13. g4 Re8 14. O-O-O
d5 15. exd5 cxd5 16. h4 c5 17. g5 Nh5 18. Nde2 d4 19. Ne4 Qb6 20. Nf4 Nxf4 21.
Qxf4 Re6 22. Rh2 Rb8 23. c3 Bc6 24. Nd6 Be8 25. Nxe8+ Rbxe8 26. cxd4 cxd4 27.
Qxd4+ Qxd4 28. Rxd4 Re1+ 29. Kd2 Rb1 30. Kc3 Rf1 31. Rd3 Rc1+ 32. Kb4 Rb8+ 33.
Ka5 Rb1 34. Rb3 Rxb3 35. axb3 Rf1 36. Kxa6 Rxf3 37. b4 Kf8 38. b5 Ke8 39. b6
Kd7 40. b7 1-0

[Event "Ostravský koník 2014 - FIDE Open veteránù"]
[Site "Ostrava, CZE"]
[Date "2014.05.04"]
[Round "9"]
[White "Jaros, Bohumil"]
[Black "Novotný, Petr"]
[Result "1-0"]
[WhiteElo "2000"]
[BlackElo "1661"]
[PlyCount "95"]

1. e4 e5 2. Nf3 Nc6 3. Bb5 a6 4. Bxc6 dxc6 5. O-O Bg4 6. h3 Bxf3 7. Qxf3 Qd7 8.
d3 O-O-O 9. Be3 f6 10. Nd2 Ne7 11. Nb3 b6 12. d4 exd4 13. Bxd4 Ng6 14. Rad1 Qe6
15. Qe2 Kb7 16. f4 f5 17. e5 Be7 18. Be3 c5 19. Rxd8 Rxd8 20. Rd1 Nf8 21. Rxd8
Bxd8 22. Bxc5 Nd7 23. Be3 g6 24. Qf3+ Qc6 25. Qxc6+ Kxc6 26. Nd4+ Kd5 27. Ne2
Be7 28. b3 Bc5 29. Kf2 Be7 30. Kf3 b5 31. Nc3+ Ke6 32. Ke2 Bb4 33. Nd1 c6 34.
Kd3 Bc5 35. Nf2 Bxe3 36. Kxe3 c5 37. Kd3 Nf6 38. c4 b4 39. g4 a5 40. Ke3 a4 41.
Nd3 Nd7 42. bxa4 fxg4 43. hxg4 h5 44. gxh5 gxh5 45. Ke4 h4 46. f5+ Ke7 47. a5
h3 48. Kf3 1-0

[Event "Ostravský koník 2014 - FIDE Open veteránù"]
[Site "Ostrava, CZE"]
[Date "2014.05.04"]
[Round "9"]
[White "Kostál, Otakar"]
[Black "Vlcek, Antonín"]
[Result "1/2-1/2"]
[WhiteElo "2008"]
[BlackElo "1835"]
[PlyCount "52"]

1. d4 Nf6 2. e3 d5 3. Bd3 e6 4. Nd2 c5 5. c3 Nc6 6. f4 cxd4 7. exd4 Bd6 8. g3
Qc7 9. Qe2 Bd7 10. Ngf3 O-O-O 11. Ne5 Be8 12. Ndf3 Nd7 13. Be3 f6 14. Nxc6 Qxc6
15. O-O Nb6 16. b3 Bg6 17. Bb5 Qc7 18. c4 a6 19. Bxa6 bxa6 20. c5 Kb7 21. Rfc1
Be7 22. cxb6 Qxb6 23. Qd2 Rc8 24. a3 Rxc1+ 25. Rxc1 Rc8 26. Rxc8 Kxc8 1/2-1/2

[Event "Ostravský koník 2014 - FIDE Open veteránù"]
[Site "Ostrava, CZE"]
[Date "2014.05.04"]
[Round "9"]
[White "Rechtenberg, Karel"]
[Black "Herman, Pavel"]
[Result "1-0"]
[WhiteElo "1903"]
[BlackElo "1706"]
[PlyCount "95"]

1. e4 d6 2. f4 g6 3. d4 Bg7 4. Nf3 Nf6 5. Nc3 O-O 6. Bd3 Nc6 7. O-O e5 8. fxe5
dxe5 9. d5 Nd4 10. Be3 Ng4 11. Bd2 h6 12. h3 Nf6 13. Be3 Nxf3+ 14. Rxf3 Nd7 15.
Qd2 Kh7 16. Raf1 f6 17. Ne2 a6 18. c4 Qe7 19. b4 b6 20. g4 a5 21. b5 Nc5 22.
Bc2 a4 23. Ng3 Nb7 24. R1f2 Na5 25. Bd3 Bd7 26. Kh1 Rfe8 27. Qc2 Nb7 28. Qb1
Na5 29. Bd2 Nb7 30. Bb4 Qf7 31. Bc2 Ra7 32. Qf1 Qg8 33. Ra3 Rea8 34. Qd1 Qe8
35. Rxa4 Rxa4 36. Bxa4 f5 37. gxf5 gxf5 38. Nxf5 Bf6 39. Bb3 Bg5 40. Qg4 Qg6
41. Bd2 Nc5 42. Bxg5 Qxg5 43. Qxg5 hxg5 44. Ng3 Kg6 45. Nf5 Nxe4 46. Ne7+ Kg7
47. Re2 Nc5 48. Rxe5 1-0

[Event "Ostravský koník 2014 - FIDE Open veteránù"]
[Site "Ostrava, CZE"]
[Date "2014.05.04"]
[Round "9"]
[White "Koudelka, Milos"]
[Black "Trojek, Miroslav"]
[Result "1/2-1/2"]
[WhiteElo "1758"]
[BlackElo "1901"]
[PlyCount "31"]

1. e4 e6 2. d4 d5 3. Nd2 Nf6 4. e5 Nfd7 5. Ngf3 c5 6. dxc5 Bxc5 7. Nb3 Be7 8.
Bd3 Nc6 9. Bf4 Qc7 10. Qe2 Nb4 11. O-O Nxd3 12. Qxd3 Qc4 13. Qe3 Qa4 14. Bg5
Bxg5 15. Qxg5 O-O 16. Nbd4 1/2-1/2

[Event "Ostravský koník 2014 - FIDE Open veteránù"]
[Site "Ostrava, CZE"]
[Date "2014.05.04"]
[Round "9"]
[White "Sipl, Frantisek"]
[Black "Písa, Lubomír"]
[Result "1-0"]
[WhiteElo "1836"]
[BlackElo "1557"]
[PlyCount "51"]

1. d4 d5 2. c4 e6 3. Nc3 Nf6 4. Bg5 Be7 5. e3 Nbd7 6. Nf3 O-O 7. Bd3 h6 8. Bh4
dxc4 9. Bxc4 Nb6 10. Bd3 Nbd5 11. O-O Nd7 12. Bg3 Nxc3 13. bxc3 Bd6 14. Bxd6
cxd6 15. Rc1 b6 16. Bb1 Bb7 17. Qc2 Nf6 18. Nd2 Rc8 19. Qa4 a6 20. e4 b5 21.
Qb3 Rc7 22. f4 Qa8 23. Qc2 g6 24. Rf3 b4 25. c4 Rfc8 26. Re1 1-0

[Event "Ostravský koník 2014 - FIDE Open veteránù"]
[Site "Ostrava, CZE"]
[Date "2014.05.04"]
[Round "9"]
[White "Jancálek, Jan"]
[Black "Kosár st., Mikulás"]
[Result "1/2-1/2"]
[WhiteElo "1783"]
[BlackElo "1731"]
[PlyCount "30"]

1. d4 d5 2. c4 Nf6 3. Nf3 Bg4 4. e3 c6 5. Nc3 Nbd7 6. Be2 e6 7. O-O h6 8. Qc2
Bf5 9. Bd3 Bxd3 10. Qxd3 Bd6 11. cxd5 cxd5 12. a3 O-O 13. b4 Rc8 14. Bb2 Nb6
15. Rac1 Nc4 1/2-1/2

[Event "Ostravský koník 2014 - FIDE Open veteránù"]
[Site "Ostrava, CZE"]
[Date "2014.05.04"]
[Round "9"]
[White "Tretina, Zdenek"]
[Black "Bebek, Ivan"]
[Result "1-0"]
[WhiteElo "1740"]
[BlackElo "1375"]
[PlyCount "69"]

1. d4 Nf6 2. c4 e6 3. Nc3 b6 4. Nf3 Bb7 5. e3 Be7 6. Be2 O-O 7. O-O Ne4 8. Nxe4
Bxe4 9. a3 Bb7 10. b4 d6 11. Bb2 c5 12. dxc5 dxc5 13. Qxd8 Rxd8 14. bxc5 Bxc5
15. Rfd1 Nc6 16. Nd4 Ne7 17. h3 Rac8 18. Kf1 Ng6 19. Rac1 a6 20. Nf3 Re8 21.
Rd7 Bc6 22. Ra7 a5 23. Nd4 Ba4 24. Nb5 Red8 25. Ke1 Ne7 26. Bf3 Nc6 27. Rb7 Ne7
28. Nc3 Bb3 29. Ne4 Ba4 30. Nxc5 bxc5 31. Rxe7 Rb8 32. Bc3 Kf8 33. Rc7 Rb3 34.
Bxa5 Rdb8 35. Bc6 1-0

[Event "Ostravský koník 2014 - FIDE Open veteránù"]
[Site "Ostrava, CZE"]
[Date "2014.05.04"]
[Round "9"]
[White "Sudolský, Jan"]
[Black "Kanovský, Jan"]
[Result "0-1"]
[WhiteElo "1546"]
[BlackElo "1728"]
[PlyCount "136"]

1. Nf3 Nf6 2. c4 g6 3. Nc3 Bg7 4. e3 O-O 5. d4 d6 6. Bd3 Re8 7. O-O e5 8. dxe5
dxe5 9. Bc2 Nc6 10. Qxd8 Rxd8 11. Nb5 Ne8 12. e4 Bg4 13. Nh4 Be2 14. Re1 Bxc4
15. Na3 Be6 16. Bg5 f6 17. Be3 Nd4 18. Bxd4 Rxd4 19. Nf3 Rd7 20. Re3 c6 21. Bb3
Kf7 22. Bxe6+ Kxe6 23. Kf1 Rad8 24. Ree1 Bf8 25. Nc2 Bc5 26. b4 Bb6 27. a4 a6
28. a5 Ba7 29. Ke2 Nd6 30. Nd2 Rc8 31. f3 c5 32. bxc5 Bxc5 33. Ne3 Bxe3 34.
Kxe3 Nc4+ 35. Nxc4 Rxc4 36. Reb1 Rc3+ 37. Ke2 Rc2+ 38. Kf1 Rdc7 39. Rb6+ Ke7
40. Rab1 Rc1+ 41. Rxc1 Rxc1+ 42. Ke2 Rc7 43. Kd3 f5 44. exf5 gxf5 45. Rh6 Kd8
46. Rh5 Rf7 47. g4 fxg4 48. fxg4 Re7 49. Ke4 Kc7 50. Rxe5 Rxe5+ 51. Kxe5 b6 52.
axb6+ Kxb6 53. Kf6 a5 54. Kg7 a4 55. Kxh7 a3 56. g5 a2 57. h4 a1=Q 58. g6 Qh1
59. g7 Qxh4+ 60. Kg8 Kc6 61. Kf7 Qf4+ 62. Ke7 Qg5+ 63. Kf7 Qf5+ 64. Ke7 Qg6 65.
Kf8 Qf6+ 66. Kg8 Kd6 67. Kh7 Qh4+ 68. Kg8 Ke6 0-1

[Event "Ostravský koník 2014 - FIDE Open veteránù"]
[Site "Ostrava, CZE"]
[Date "2014.05.04"]
[Round "9"]
[White "Divis, Jan"]
[Black "Linart, Ludvík"]
[Result "1/2-1/2"]
[WhiteElo "1727"]
[BlackElo "1609"]
[PlyCount "120"]

1. d4 Nf6 2. Bf4 c5 3. e3 g6 4. c3 b6 5. dxc5 bxc5 6. Nd2 Bg7 7. Ngf3 O-O 8.
Be2 d6 9. O-O Nc6 10. e4 Rb8 11. Qc2 Nh5 12. Be3 Bf6 13. h3 Ng7 14. Rfd1 Qc7
15. Bg5 Be6 16. Bh6 Rfd8 17. Ng5 Bxg5 18. Bxg5 f6 19. Bf4 Ne8 20. g4 g5 21. Bg3
Qc8 22. f3 Kg7 23. Bc4 Nc7 24. Bxe6 Qxe6 25. Nf1 h5 26. Ne3 Rh8 27. Kg2 hxg4
28. hxg4 Rh7 29. Rh1 Rbh8 30. Rxh7+ Rxh7 31. Nf5+ Kf7 32. Qa4 Qd7 33. Qb3+ Ne6
34. Rd1 Ne5 35. Bxe5 fxe5 36. Rh1 Kg6 37. Rxh7 Nf4+ 38. Kg3 Kxh7 39. Qc2 Qe6
40. Qh2+ Kg8 41. Nh6+ Kf8 42. Nf5 Qf6 43. Qd2 Qh8 44. Kf2 Qh2+ 45. Ke3 Qg1+ 46.
Qf2 Qxf2+ 47. Kxf2 Nd3+ 48. Ke2 Nxb2 49. Kd2 Na4 50. Kc2 Nb6 51. Ne3 e6 52. c4
Ke7 53. Kb3 Kd8 54. a3 Kc7 55. Nd1 Kc6 56. Nf2 d5 57. cxd5+ exd5 58. exd5+ Kxd5
59. Ne4 Kd4 60. Nxg5 Kd3 1/2-1/2

[Event "Ostravský koník 2014 - FIDE Open veteránù"]
[Site "Ostrava, CZE"]
[Date "2014.05.04"]
[Round "9"]
[White "Sumbera, Antonín"]
[Black "Pirhala, Ladislav"]
[Result "1-0"]
[WhiteElo "1671"]
[BlackElo "1481"]
[PlyCount "43"]

1. e4 c6 2. Bc4 d5 3. exd5 cxd5 4. Bb3 Bf5 5. d4 e6 6. Nf3 h6 7. h3 Nc6 8. O-O
Bd6 9. Re1 Nge7 10. c4 Be4 11. Nc3 Bxf3 12. Qxf3 Nxd4 13. Ba4+ Ndc6 14. cxd5
exd5 15. Nxd5 O-O 16. Nxe7+ Nxe7 17. Qxb7 Ng6 18. Bb3 Bc5 19. Be3 Bxe3 20. Rxe3
Qd4 21. Rd1 Qxb2 22. Bxf7+ 1-0

[Event "Ostravský koník 2014 - FIDE Open veteránù"]
[Site "Ostrava, CZE"]
[Date "2014.05.04"]
[Round "9"]
[White "Krivohlávek, Josef"]
[Black "Chlevistan, Jaromír"]
[Result "1/2-1/2"]
[WhiteElo "1500"]
[BlackElo "1581"]
[PlyCount "38"]

1. d4 d5 2. c4 e6 3. Nc3 c5 4. Nf3 Nf6 5. e3 Be7 6. Bd3 O-O 7. O-O Nc6 8. a3 b6
9. cxd5 Nxd5 10. Qc2 Nf6 11. Ne4 g6 12. Bd2 Bb7 13. Nxf6+ Bxf6 14. Be4 Be7 15.
Ne5 Qc7 16. Nxc6 Bxc6 17. Bxc6 Qxc6 18. dxc5 Qxc5 19. Qxc5 Bxc5 1/2-1/2

[Event "Ostravský koník 2014 - FIDE Open veteránù"]
[Site "Ostrava, CZE"]
[Date "2014.05.04"]
[Round "9"]
[White "Lavrisin, Jan"]
[Black "Fiser, Otakar"]
[Result "0-1"]
[WhiteElo "1620"]
[BlackElo "1610"]
[PlyCount "52"]

1. d4 Nf6 2. Nf3 g6 3. g3 Bg7 4. Bg2 O-O 5. O-O d6 6. Nc3 Na6 7. a3 c5 8. Bf4
Bd7 9. dxc5 Nxc5 10. Rb1 Rc8 11. Be3 b6 12. Nd2 Ng4 13. Bxc5 Bxc3 14. bxc3 Rxc5
15. Ne4 Rc4 16. Rb4 Qc7 17. Qd3 Ne5 18. Rxc4 Nxc4 19. Ra1 Rc8 20. Ra2 Be6 21.
Ng5 Ne5 22. Nxe6 fxe6 23. Qa6 Qc4 24. Qxa7 Qxa2 25. Qxe7 Qa1+ 26. Bf1 Qxc3 0-1

[Event "Ostravský koník 2014 - FIDE Open veteránù"]
[Site "Ostrava, CZE"]
[Date "2014.05.04"]
[Round "9"]
[White "Hruska, Stanislav"]
[Black "Zdrazila, Jaromír"]
[Result "1/2-1/2"]
[WhiteElo "1491"]
[BlackElo "1547"]
[PlyCount "122"]

1. e4 e5 2. Nf3 d6 3. Bc4 h6 4. d4 exd4 5. Qxd4 Qf6 6. Qe3 Be6 7. Bb5+ c6 8.
Ba4 Nd7 9. Nc3 Qd8 10. Bd2 Ngf6 11. h3 Be7 12. O-O-O Qc7 13. Nd4 Nc5 14. Nxe6
Nxe6 15. Bb3 Nc5 16. f3 Nxb3+ 17. cxb3 b6 18. Kb1 O-O-O 19. Rc1 Kb7 20. Nb5 Qd7
21. Na3 Rhe8 22. Qe2 Rc8 23. Rc3 Bf8 24. Rhc1 g5 25. g4 Bg7 26. Rc4 d5 27. Ra4
dxe4 28. Qa6+ Kc7 29. Qxa7+ Kd8 30. Qxb6+ Qc7 31. Rd4+ Nd5 32. Qc5 Bxd4 33.
Qxd4 Qd6 34. Ba5+ Kd7 35. Qa7+ Ke6 36. Nc4 Qb8 37. Qd4 exf3 38. Qe5+ Kd7 39.
Qf5+ Ke7 40. Ne5 Rf8 41. Re1 Kd6 42. Rc1 Qb7 43. Nxf3 f6 44. Nd4 Rfe8 45. Qd3
Ke7 46. Nf5+ Kf8 47. Nd6 Qe7 48. Nxe8 Qxe8 49. Bd2 Kg7 50. Ka1 Qe6 51. Re1 Qd7
52. a3 Re8 53. Rf1 Qe6 54. Rg1 Qf7 55. Rf1 Qe6 56. Qa6 Qc8 57. Qc4 Re6 58. Rc1
Qe8 59. Qa6 Kg6 60. Qd3+ Kg7 61. Qa6 Kg6 1/2-1/2